| 000 | 00631nam a2200133 a 4500 | ||
|---|---|---|---|
| 008 | 180215s2016 ||||||||||||||||| || u | ||
| 050 | _aCBU-PG THESIS/SIL | ||
| 100 | _aSilwamba, Bwalya | ||
| 245 | 1 | 0 |
_aRisk-optimised slope slope stability analysis and the evaluation of associated safety risk of Chingola Open Pit D&F Mine Zambia _cby Cross Silwamba |
| 260 |
_aKitwe: _bCopperbelt University _c2016 |
||
| 300 | _axxii, 147p.: ill. | ||
| 500 | _aIncludes References | ||
| 995 |
_FCBU-MAIN LIBRARY (Kitwe) _M1 _UAVAILABLE _WFeb 15, 2018 _XCopperbelt University _ZUniversity Collection |
||
| 999 |
_c56584 _d56584 |
||